=LDR 00000nam 2200000 4500 =001 000637 =005 20250711121645 =035 ##$$a 0010-0725000505 =007 ta =008 250711################a##########0#ind## =020 ##$$a 978-623-307-380-6 =082 ##$$a 398.209 598 =084 ##$$a 398.209 598 IPO m =100 #$$a Ipoo, Simon =245 1#$$a Manfaat pohon Palm /$c Simon Ipoo =250 ##$$a Cetakan Pertama =260 ##$$a Jakarta Timur :$b Badan Pengembangan dan Pembinaan Bahasa,$c 2024 =300 ##$$a 14 hlm. : $b Ilus. ; $c 29,7 cm =650 #4$$a cerita anak indonesia-terjemahan =650 #4$$a Literasi-Bahan Bacaan =856 ##$$a TBM As-Suhada =990 ##$$a TBM04050405